| 000 | 00835nac a22002171u 4500 | ||
|---|---|---|---|
| 008 | 101003s2006 ii|||||r|||| 001 0 eng d | ||
| 020 | _a8185749175 | ||
| 020 | _a9788185749174 | ||
| 082 |
_a670.42 _bKUM |
||
| 100 |
_aKumar, Pravin. _920038 |
||
| 245 |
_aFundamentals Of Design and Manufacturing / _cBy Pravin Kumar, M. Ramaswamy. |
||
| 260 |
_aDelhi: _bS.K. Kataria & Sons, _c2006 |
||
| 300 |
_a366 p. : _bill. ; _c21cm. |
||
| 504 | _aIncludes Index. | ||
| 511 | _aCatalogued By: Mahitab. | ||
| 650 |
_aEngineering design. _93587 |
||
| 650 |
_aManufacturing processes. _911613 |
||
| 700 |
_aRamaswamy, M. _920039 |
||
| 942 |
_cBB _k670.42 KUM _2ddc |
||
| 999 |
_c9719 _d9719 |
||